| 000 | 00977nam a22001937a 4500 | ||
|---|---|---|---|
| 999 |
_c64146 _d64146 |
||
| 003 | Ge_BSU | ||
| 005 | 20260416161038.0 | ||
| 008 | 260416s2004 ge ||||| |||| 00| 0 geo d | ||
| 041 | _ageo | ||
| 080 | _a656.7.073 ბ-52 | ||
| 100 |
_aბერიძე, როსტომ _91686 |
||
| 245 |
_aსაჰაერო ტრანსპორტი საერთაშორისო შერეული გადაზიდვების ლოგისტიკურ სისტემაში : _b მონოგრაფია / _cროსტომ ბერიძე. |
||
| 264 |
_aთბ. : _bსაქტექინფორმი, _c2004. |
||
| 300 |
_a223 გვ. ; _b 20 სმ. |
||
| 504 | _aბიბლიოგრ. გვ. 216-223 | ||
| 520 | _aრეზიუმე გვ. 213-214 | ||
| 653 | _aსატვირთვო გადაზიდვები საჰაერო ტრანსპორტით. | ||
| 942 |
_2udc _cᲬᲘᲒᲜᲘ |
||